000 00764nam a22002177a 4500
999 _c13207
_d13207
003 AR-CdUCM
008 190411b ||||| |||| 00| 0 spa d
040 _aMUNICIPALIDAD PROVINCIAL DEL CUSCO
_cBIBLIOTECA MUNICIPAL DEL CUSCO
082 _a082 /
_bA57
100 _aPierre Andreu
_931466
245 _aGrandeza y errores de los curas obreros /
260 _aBuenos Aires :
_bLeviatán,
_c1956.
300 _a249 páginas ;
_c19 cm.
505 _aContenido : Prefacio -- Francia, ¿País de misión? -- De la conquista a la presencia -- La gran crisis -- Conclusión ...
650 _aFrancia
_91444
650 _aSociología
_9276
650 _aCuras obreros
_931467
700 _aFontana, Edmundo
_931468
942 _2ddc
_cLIBROS
945 _arah
_d11/04/2019